NFL Penalty Distances Quiz - Statistics

General Stats
  • This quiz has been taken 73 times
  • The average score is 3 of 10
Answer Stats
Question Answer % Correct
Pass interference by the offense 10 yards
47%
Assisting the runner by pulling a runner in any direction at any time 10 yards
42%
The kicking team illegally touching an onside kick before it goes 10 yards 5 yards
31%
Not being able to start each half on scheduled time 15 yards
27%
Second forward pass 5 yards
27%
Spiking or throwing the ball in the field of play after a down has ended, except after a score 5 yards
24%
Making invalid fair-catch signal 5 yards
21%
Attempting to call an excess or illegal timeout to "ice" the kicker prior to a field goal attempt or extra-point attempt 15 yards
18%
A second consecutive delay of game penalty 15 yards
11%
Interfering with fair catch (and catch awarded) 5 yards
8%
No matching quizzes found
Score Distribution
Percent of People with Each Score
Percentile by Number Answered
Your Score History
You have not taken this quiz